O meu guia de aves (Record no. 1852)
[ view plain ]
| 000 -Etiqueta do registo | |
|---|---|
| Valores | 00741nam a2200265 4500 |
| 010 ## - Número ISBN | |
| ISBN | 9789897874222 |
| 021 ## - Número do Depósito Legal | |
| Código do país | Portugal |
| Número | 527543/24 |
| 100 ## - Dados gerais de processamento | |
| Dados gerais | 20250515d2024 am|y0pory50030103ba |
| 101 ## - Língua de publicação | |
| Língua | Português |
| 102 ## - País de publicação | |
| País | Portugal |
| 200 ## - Titulo e menção de responsabilidade | |
| Título próprio | O meu guia de aves |
| Primeira menção de responsabilidade | Gonçalo Elias, José Frade |
| Outras menções de responsabilidade | fot. Ana Mendes do Carmo |
| 205 ## - Menção da edição | |
| Edição | 1ª edição |
| 210 ## - Publicação | |
| Local de publicação | Lisboa |
| Nome do editor | Booksmile |
| Data de publicação | 2024 |
| 215 ## - Descrição física | |
| Paginação / Volumes | 157 p. |
| Outras indicações físicas | il. |
| Dimensões | 24 cm |
| 300 ## - Notas gerais | |
| Texto da nota | BMB-Registado |
| 606 ## - Nome comum usado como assunto | |
| ID Autoridade | 2651 |
| Palavra de ordem | Aves |
| 606 ## - Nome comum usado como assunto | |
| ID Autoridade | 2652 |
| Palavra de ordem | Ornitologia |
| 675 ## - CDU | |
| Notação | 598.2 |
| Edição | BMB |
| Língua | por |
| 700 ## - Autor principal (pessoa individual) | |
| Apelido | Elias |
| Nome | Gonçalo de Sousa Lobo |
| Datas | 1968- |
| ID Autoridade | 2653 |
| 701 ## - Co-autor principal (pessoa individual) | |
| Apelido | Frade |
| Nome | José |
| Datas | 1966- |
| Função | Fotógrafo |
| ID Autoridade | 2654 |
| 702 ## - Autor secundário (pessoa individual) | |
| Apelido | Carmo |
| Nome | Ana Mendes do |
| Função | Fotógrafo |
| ID Autoridade | 2655 |
| 801 ## - Fonte de origem | |
| País | PT |
| Agência | BMB |
| Regras de catalogação | RPC |
| 990 ## - Elementos KOHA | |
| Tipo de documento | Livro |
| Situação do levantamento | Estado | Número | Biblioteca de origem | Código de barras | Cota | Permissão de empréstimo | Tipo de documento | Forma de aquisição |
|---|---|---|---|---|---|---|---|---|
| 1 | Biblioteca Municipal de Borba | 1803 | 598.2 ELI / MEU | Livro | Compra |